| 000 | 02609nam2a22004451 4500 | ||
|---|---|---|---|
| 001 | v19\rc\1966746 | ||
| 005 | 20251118181034.7 | ||
| 035 | _a(NLR Aleph) 005048803 | ||
| 090 |
_a6872299 _c6872299 |
||
| 100 | _a20080428d1914 u y0rusy50 ca | ||
| 101 | 0 | _arus | |
| 102 | _aRU | ||
| 105 | _ay z ||||| | ||
| 135 | _acrmn mmmanaba | ||
| 200 | 0 |
_aКн. 2 _f[Заставка работы худож. И. Рабиновича] |
|
| 210 | _d1914 | ||
| 215 | _a286 с. | ||
| 325 | _aКопия доступна в Электрон. б-ке РНБ | ||
| 327 | 0 | _aАвторы: А. Альвинг, Я. Барановский, Г. Березовский, В. Василенко, Г. Вышеславцев, Р. Брамс, А. Бутовцев, Ю. Жуковская, Ю. Зубовский, И. Райцис и др. | |
| 461 | 0 |
_1001v19\rc\1966744 _12001#$aАргонавты$eЛит.-худож. сб.$f[Обл. по мотиву архаич. вазы работы худож. М.П. Денисова]$vКн. 2 _96872282 _cКиев _d1914 _f[Обл. по мотиву архаич. вазы работы худож. М.П. Денисова]. Кн. 1- _nИ.И. Самоненко _oЛит.-худож. сб. _tАргонавты _vКн. 2 |
|
| 464 | 0 |
_1701#1$aАльвинг$bА. _1701#1$aБарановский$bЯ. _1701#1$aБерезовский$bГ. _1701#1$aВасиленко$bВ. _1701#1$aВышеславцев$bГ.П.$gГригорий Петрович _1701#1$aБрамс$bР. _1701#1$aБутовцев$bА. _1701#1$aЖуковская$bЮ. _1701#1$aЗубовский$bЮ.Н.$f1890 или 1892-1919$gЮрий Николаевич _1701#1$aРайцис$bИ. |
|
| 702 | 1 |
_4440 _7ca _8rus _aРабинович _bИ. М. _cхудожник _f1894-1961 _gИсаак Моисеевич _9221274 _3RU\NLR\AUTH\770221330 |
|
| 801 | 0 |
_aRU _bNLR _gpsbo |
|
| 801 | 0 |
_aRU _bRuMoRGB _2psbo |
|
| 801 | 1 |
_aRU _bProSoft-M _2rusmarc |
|
| 852 |
_aNLR _j37.40.5.29(2) |
||
| 856 | 0 | _uhttps://vivaldi.nlr.ru/bx000026956/view/?#page=208 | |
| 856 | 1 | _uhttps://vivaldi.nlr.ru/bx000026956/cover | |
| 856 | 2 | _uhttps://vivaldi.nlr.ru/bx000026956/text | |
| 899 |
_aRuMoRGB _jW 505/54 |
||
| 899 |
_aRuMoRGB _jS 2/523 |
||
| 899 |
_aRuMoRGB _jКл 11/51 |
||
| 899 | _aБАН | ||
| 942 | _cBOOK | ||
| 980 | _aNB | ||
| 981 | 4 | 4 | _a(44) Оцифровано по рекомендациям читателей |
| 981 | 3 | 3 |
_a(33) Художественная литература _b(33) Отечественная литература |